| 000 | 01961cam a22002054a 4500 | ||
|---|---|---|---|
| 005 | 20250605164227.0 | ||
| 008 | 250528s ||||||||||||||||||||||||d | ||
| 035 | _a20905 | ||
| 020 | _a9789607266774 | ||
| 040 |
_aGR-AtMCL _bgre _dGR-AtMCL _eAACR2 |
||
| 245 | 1 | _aΔιαπολιτισμική Αγωγή / Θεωρία και Πράξη στη Διδασκαλία της Μουσικής | |
| 260 |
_bΜάριος Μικολαϊδης Μουσικός Οίκος, _c2014 |
||
| 300 | _a334 | ||
| 520 | _aΤο βιβλίο δίνει μία σφαιρική εικόνα της πολυπολιτισμικής πραγματικότητας εστιάζοντας στην εκπαίδευση γενικότερα και στη μουσική εκπαίδευση ειδικότερα. Πρόλογος, Προϊμιο, Εισαγωγή, Κοινωνιολογική Προσέγγιση στα Μεταναστευτικά Εκπαιδευτικά Μοντέλα, Θεωρίες Κοινωνικής Αναγνώρισης, Εξουσιαστικές Θέσεις στην Εκπαίδευση: Η Διαμόρφωση της Ταυτότητας κατά την Εκπαιδευτική Διαδικασία, Σχολικές Επιδόσεις Αλλοδαπών και Μεονοτικών Μαθητών σε Δημόσιο Ελληνικό Σχολείο Β/θμιας Εκπαίδευσης, Διαπολιτισμική Κοινωνική Ψυχολογία, Διαπολιτισμική Εκπαίδευση, Διαπολιτισμική Μουσική Εκπαίδευση και Διδακτική, Προτεινόμενες Διδασκαλίες, Βιβλιογραφία, Ξενόγλωσση και Μεταφράσεις, Ελληνόγλωσση. | ||
| 700 | 1 |
_aΔανοχρήστου Καϊρη Μαριλένα _96893 |
|
| 700 | 1 |
_aΧρυσοστόμου Σμαράγδα _96894 |
|
| 942 | _cBK | ||
| 999 |
_c5984 _d5984 |
||